Statistics for Percy Jackson and the Olympians/Heroes of Olympus Long Quiz

Click here to take the quiz!

General Stats

  • This quiz has been taken 1,466 times
  • The average score is 39 of 75

Answer Stats

DescriptionGodly ParentAnswer% Correct
Main characterof the first seriesPoseidonPercy Jackson
99%
^Intelligent GirlfriendAthenaAnnabeth Chase
97%
Exchanged with Percy from Camp JupiterJupiterJason Grace
94%
Funny fire-controlling demigodHephaestusLeo Valdez
91%
^Beautiful charmspeaking girlfriendAphroditePiper McLean
91%
Satyr bestfriend of Percy who loves enchiladas and tin cansGrover Underwood
88%
Big transforming guyMarsFrank Zhang
86%
Centaur activities director at Camp Half-BloodKronosChiron
85%
^Gem summoner girlfriendPlutoHazel Levesque
83%
Dead summoning admirer of PercyHadesNico di Angelo
83%
^Huntress sister who died in a junk shopHadesBianca di Angelo
82%
Possessed by KronosHermesLuke Castellan
79%
Fat bully at Camp Half-BloodAresClarisse La Rue
77%
Female praetor at Camp JupiterBellonaReyna
75%
Thin augur at Camp Jupiter who kills stuffed animalsApolloOctavian
72%
Taller of the twin pranksters at CHBHermesTravis Stoll
71%
^The other oneHermesConnor Stoll
70%
^Boyfriend who died at the Princess Andromeda shipHephaestusCharles Beckendorf
69%
Percy's pet pegasusBlackjack
68%
Name of Percy's motherSally Jackson
68%
Percy's cyclops half-brotherPoseidonTyson
68%
New leader of the Huntress of Artemis who became a pine tree before.ZeusThalia Grace
67%
Satyr coach who accompanies them in the Argo IIGleeson Hedge
64%
Percy's hellhound friendMrs. O' Leary
64%
Name of his weapon who can turn into a pen in English.Riptide
64%
Leader of the Huntress of Artemis who died and became a constellationAtlasZoe Nightshade
63%
Abandoned lady who fell in love with Percy and LeoAtlasCalypso
61%
Percy's second step dad who is much nicer.Paul Blofis
61%
^His hippocampus friendRainbow
60%
^Love interest who gone insane in the LabyrinthChris Rodriguez
59%
^Her first mortal husband who is mean and rude.Gabe Ugliano
59%
The guy with an eye patch who wakes KronosNemesisEthan Nakamura
57%
The monster he battled at Half-Blood Hill and gets his horn.PasiphaeMinotaur
57%
Former spy of Kronos who died in the 2nd Titan WarAphroditeSilena Beauregard
57%
Name of Leo's metal dragonFestus
56%
Three-headed dog guarding the doors of UnderworldCerberus
55%
Weaver who guards the Athena Parthenos defeated by Annabeth.Arachne
54%
^What Percy renamed him.Bob
54%
Created the LabyrinthDaedalus
51%
Centurion of the Fifth Cohort addicted to Kool AidBacchusDakota
51%
Fast horse who is a friend of HazelArion
50%
Gorgon in disguise as a sculptor. Aunty Em.Medusa
49%
Percy's Algebra teacher who is actually a furyMrs. Dodds
49%
^Replaced him. Tours Leo during his first time at CHBApolloWill Solace
48%
Mortal oracle of Delphi at CHBRachel Elizabeth Dare
47%
Follower of Hecate who turned Percy into a guinea pig.Circe
45%
Tree nymph who is Grover's girlfriendJuniper
44%
Their harpy friend who memorized the Sybilline Books.Ella
41%
Bisabuelo of Leo and Hazel's love interest from the pastSammy Valdez
39%
^One of her former assistants who helped Percy in their quest. She is Reyna's sister.Hylla
37%
Wolf Goddess who trained Percy for the first few months of his memory loss.Lupa
37%
Bullies Piper at Cabin 10. Piper replaced her for being counselorAphroditeDrew Tanaka
36%
Goddess of Snow who wants to turn them into ice statuesBoreasKhione
36%
Counselor of Cabin 4DemeterKatie Gardner
35%
Rich king who turned Piper and Leo into gold statues.Midas
35%
Replaced Chiron as Activities director at CHB at The Sea Of MonstersTantalus
34%
Titan of the South defeated by Thalia,Nico and Percy and became their friend.Gaea, OuranosIapetus
32%
^His disguise as a swordplay teacher at CHBQuintus
30%
Counselor of Cabin 7 who died in the battle of LabyrinthApolloLee Fletcher
29%
^Replaced him and died at the 2nd Titan WarApolloMichael Yew
28%
Empousai cheerleader who has interest for Luke.Kelli
27%
Air nymph who is the wife of Coach Hedge.Mellie
27%
Replaced Beckendorf for being counselor of Cabin 9HephaestusJake Mason
26%
Leo's friend at Cabin 9 who first volunteered to join the quest with Jason.HephaestusNyssa
26%
Reyna's pegasusScipio
25%
^His skeleton cat who turned into a saber-toothed tiger.Small Bob
24%
Counselor of Cabin 15.HypnosClovis
17%
Blind prophecist tricked by Percy into choosing vials of Gorgon blood.Phineas
16%
Giant bornrd to oppose PoseidonGaea, TartarusPolybotes
16%
Giant who is cursed to kill the Maeonian drakon everyday and freed to curse by AnnabethTartarusDamasen
15%
Former centurion of the fifth cohort, died and brought back to life during the war games at Camp JupiterGwen
15%
Giant borned to oppose ZeusGaea, TartarusPorphyrion
14%
Giant borned to oppose HecateGaea, TartarusClytius
10%
Giant borned to oppose HadesGaea, TartarusAlcyoneus
8%
Twin giants borned to oppose DionysusGaea, TartarusEphialtes and Otis
8%

Score Distribution

Percentile by Number Answered

Percent of People with Each Score

Your Score History

You have not taken this quiz